[Event "Mumbai Wealth U13 op 5th"]
[Site "Mumbai"]
[Date "2020.01.05"]
[Round "7"]
[White "Yug, Desai"]
[Black "Sai, Mahati A"]
[Result "0-1"]
[WhiteElo "1198"]
[BlackElo "1545"]
[PlyCount "66"]
[EventDate "2019.12.30"]
[EventType "swiss"]
[EventRounds "9"]
[EventCountry "IND"]
[SourceTitle "CBM 194 Extra"]
[Source "ChessBase"]
[SourceDate "2020.03.31"]
[SourceVersion "1"]
[SourceVersionDate "2020.03.31"]
[SourceQuality "1"]

1. e4 c5 2. Nf3 e6 3. d4 cxd4 4. Nxd4 Nc6 5. Nc3 Qc7 6. Nxc6 bxc6 7. Bd3 Nf6 8. f4 Bc5 9. e5 Nd5 10. Ne4 d6 11. c3 f5 12. Nxc5 dxc5 13. Qf3 0-0 14. 0-0 Rd8 15. Rd1 Rb8 16. Bc4 Qb6 17. Qe2 Ba6 18. Bxa6 c4+ 19. Rd4 Nxc3 20. bxc3 Rxd4 21. cxd4 Qxd4+ 22. Be3 Qxa1+ 23. Qf1 Rb1 24. Bxc4 Rxf1+ 25. Bxf1 Qxa2 26. g3 a5 27. Bg2 Qc4 28. Kf2 a4 29. Bf1 Qc2+ 30. Be2 a3 31. Bd4 a2 32. Ke3 c5 33. Ba1 Qc1+ 0-1